Central Library OPAC University of Rajshahi

তিনটি নভেলেট / (Record no. 74334)

MARC details
000 -LEADER
fixed length control field 00743nam a2200229 a 4500
001 - CONTROL NUMBER
control field 74334
003 - CONTROL NUMBER IDENTIFIER
rucl marc code BD-RjUL
005 - DATE AND TIME OF LATEST TRANSACTION
control field 20211209082534.0
008 - FIXED-LENGTH DATA ELEMENTS--GENERAL INFORMATION
fixed length control field 180715s2017 bg ||||| |||| 00| 1 ben d
020 ## - INTERNATIONAL STANDARD BOOK NUMBER
Terms of availability Tk.300
035 ## - SYSTEM CONTROL NUMBER
System control number (BD-RjUL)74552
040 ## - CATALOGING SOURCE
Original cataloging agency BD-RjUL
Language of cataloging eng
Transcribing agency BD-RjUL
041 ## - LANGUAGE CODE
Language code of text/sound track or separate title ben
082 ## - DEWEY DECIMAL CLASSIFICATION NUMBER
Edition number 23
Classification number 891.443
Author mark and year IQT 2017
100 1# - MAIN ENTRY--PERSONAL NAME
Personal name ইকবাল, শহীদ
9 (RLIN) 221711
245 10 - TITLE STATEMENT
Title তিনটি নভেলেট /
Statement of responsibility, etc. শহীদ ইকবাল
260 ## - PUBLICATION, DISTRIBUTION, ETC. (IMPRINT)
Place of publication, distribution, etc. রাজশাহী ঃ
Name of publisher, distributor, etc. চিহ্ন প্রকাশন ,
Date of publication, distribution, etc. ২০১৭
300 ## - PHYSICAL DESCRIPTION
Pagination ১৬০ পৃ. ;
Size ২২ সেমি.
650 ## - SUBJECT ADDED ENTRY--TOPICAL TERM
Topical term or geographic name as entry element বাংলা উপন্যাস
9 (RLIN) 221712
Topical term or geographic name as entry element Bengali Fiction
9 (RLIN) 221713
942 ## - ADDED ENTRY ELEMENTS (KOHA)
Source of classification or shelving scheme Dewey Decimal Classification
Koha item type Books
Holdings
Lost status Source of classification or shelving scheme Damaged status Not for loan Collection code Permanent Location Current Location Shelving location Date acquired Cost, normal purchase price Total Checkouts Full call number Date last seen Copy number Koha item type
  Dewey Decimal Classification   Not For Loan Fiction Central Library, University of Rajshahi Central Library, University of Rajshahi Reading Room 01/03/2018 300.00   B 891.443 IQT 2017 15/07/2018 C-1 Books
  Dewey Decimal Classification     Fiction Central Library, University of Rajshahi Central Library, University of Rajshahi   01/03/2018 300.00   B 891.443 IQT 2017 15/07/2018 C-2 Books
  Dewey Decimal Classification     Fiction Central Library, University of Rajshahi Central Library, University of Rajshahi   01/03/2018 300.00   B 891.443 IQT 2017 15/07/2018 C-3 Books